Statistics for Every Oceanian Country by Shape - Random Order

Click here to take the quiz!

General Stats

  • This quiz has been taken 33 times
  • The average score is 12 of 14

Answer Stats

Answer% Correct
New Zealand
100%
Australia
93%
Papua New Guinea
93%
Fiji
87%
Kiribati
87%
Marshall Islands
87%
Micronesia
87%
Nauru
87%
Palau
87%
Samoa
87%
Solomon Islands
87%
Tonga
80%
Vanuatu
80%
Tuvalu
73%

Score Distribution

Percentile by Number Answered

Percent of People with Each Score

Your Score History

You have not taken this quiz